000
00250nam a2200097Ia 4500
008
220204s9999 xx 000 0 und d
082
_a
035
_b
IND
245
0
_a
Transfer of the collector of Maysyapura: A case study
260
_a
Delhi
_b
IIPA
942
_c
BK
999
_c
22098
_d
22098